00000000nam##2200000za#4500
0019.634794
003CaOODSP
00520220107111858
007cr |||||||||||
008150407|2007||||xxc|||||o    f|0| 0 fre|d
020 |a978-0-662-07597-4
040 |aCaOODSP|bfre
043 |an-cn---
0861 |aHP25-4/2007F-PDF
1101 |aCanada.|bDivision du vieillissement et des aînés.
24510|aAllez-y! Guide sur le choix et l'utilisation des aides fonctionnelles |h[ressource électronique]
260 |aOttawa - Ontario : |bAgence de santé publique du Canada. |c[2008?], c2002.
300 |a68p.|bill., tableaux
500 |a«Réimprimé 2005, 2008.»
590 |a12-13-Supp|b2012-04-03
69107|aAide à la mobilité|2gcpds
77508|tGo for it! : |w(CaOODSP)9.690430
85640|ahttp://publications.gc.ca|qPDF|s1829 Ko|uhttps://publications.gc.ca/collections/collection_2012/aspc-phac/HP25-4-2007-fra.pdf